Statistiques concernant Le grand quiz des drapeaux (+400 drapeaux)

Cliquez ici pour prendre le quiz!

Statistiques générales

  • Ce quiz a été pris 118 fois
  • Le résultat moyen est 114 sur 404

Statistiques - réponses

Réponse% Correct
Suède
95%
Corse
84%
Espagne
84%
Andorre
75%
Vietnam
72%
France
69%
Vatican
67%
Canada
64%
Corée du sud
64%
Tunisie
64%
Portugal
63%
Russie
63%
Turquie
63%
Afrique du Sud
61%
Brésil
61%
Chypre
61%
Égypte
61%
Etats-Unis
61%
Grèce
61%
Japon
61%
Népal
61%
Royaume-Uni
61%
Albanie
59%
Algérie
59%
Allemagne
59%
Arabie Saoudite
59%
Argentine
59%
Cambodge
59%
Chine
59%
Inde
59%
Irlande
59%
Jamaïque
59%
Liban
59%
Pays-Bas
59%
Qatar
59%
Saint-Marin
59%
Suisse
59%
Uruguay
59%
Angleterre
58%
Belgique
58%
Croatie
58%
Cuba
58%
Écosse
58%
Israël
58%
Italie
58%
Kenya
58%
Roumanie
58%
Australie
56%
Colombie
56%
Corée du Nord
56%
Finlande
56%
Macédoine du Nord
56%
Mexique
56%
Pérou
56%
Ukraine
56%
Bahamas
55%
Danemark
55%
Indonésie
55%
Islande
55%
Mali
55%
Norvège
55%
Pologne
55%
Singapour
55%
Slovaquie
55%
Sri Lanka
55%
Équateur
53%
Luxembourg
53%
Nigeria
53%
Pays de Galles
53%
Syrie
53%
Bangladesh
52%
Barbade
52%
Biélorussie
52%
Bosnie-Herzégovine
52%
Dominique
52%
Estonie
52%
Kosovo
52%
Malte
52%
Moldavie
52%
Nouvelle-Zélande
52%
République Tchèque
52%
Sénégal
52%
Slovénie
52%
Somalie
52%
Vénézuela
52%
Bretagne
50%
Cameroun
50%
Géorgie
50%
Iran
50%
Jordanie
50%
Libéria
50%
Pakistan
50%
Armenie
48%
Autriche
48%
Côte d'Ivoire
48%
Ghana
48%
Haïti
48%
Hongrie
48%
Ouganda
48%
Tchad
48%
Bahreïn
47%
Costa Rica
47%
Kazakhstan
47%
Laos
47%
Monaco
47%
Panama
47%
République Démocratique du Congo
47%
Seychelles
47%
Sierra Leone
47%
Tanzanie
47%
Afghanistan
45%
Angola
45%
Bhoutan
45%
Bulgarie
45%
Comores
45%
Liechtenstein
45%
Lituanie
45%
Mongolie
45%
Paraguay
45%
Thaïlande
45%
Chili
44%
Ethiopie
44%
Guatemala
44%
Malaisie
44%
Philippines
44%
Serbie
44%
Tonga
44%
Azerbaïdjan
42%
Bénin
42%
Catalogne
42%
Fidji
42%
Monténégro
42%
République Dominicaine
42%
Taïwan
42%
Émirats arabes unis
41%
Libye
41%
Madagascar
41%
Mauritanie
41%
Mozambique
41%
Niger
41%
Birmanie
39%
Djibouti
39%
Erythrée
39%
Grenade
39%
Koweït
39%
Oman
39%
Ouzbékistan
39%
Vanuatu
39%
Zimbabwe
39%
Burkina Faso
38%
Eswatini
38%
Hong Kong
38%
Lesotho
38%
Papouasie-Nouvelle-Guinée
38%
Turkménistan
38%
Botswana
36%
Gabon
36%
Guinée
36%
Îles Féroé
36%
Micronésie
36%
Nicaragua
36%
Palaos
36%
République Centrafricaine
36%
Sainte-Lucie
36%
Belize
34%
Brunei
34%
Cap-Vert
34%
Guinée-Bissau
34%
Honduras
34%
Kirghizistan
34%
Maurice
34%
Namibie
34%
Sardaigne
34%
Suriname
34%
Tadjikistan
34%
Togo
34%
Zambie
34%
Burundi
33%
Gambie
33%
Gibraltar
33%
Groenland
33%
Guyana
33%
Îles Marshall
33%
Pays Basque
33%
Saint-Christophe-et-Niévès
33%
Salvador
33%
Trinité et Tobago
33%
Washington
33%
Antigua-et-Barbuda
31%
Guam
31%
Kiribati
31%
Malawi
31%
Nauru
31%
République du Congo
31%
Samoa
31%
Tuvalu
31%
Guinée équatoriale
30%
Îles Salomon
30%
Maldives
30%
Québec
30%
Sao Tomé-et-Principe
30%
Yemen
30%
Californie
28%
Irak
28%
Occitanie
28%
Rwanda
28%
Bolivie
27%
Guernesey
27%
Porto Rico
27%
Réunion
27%
Soudan
27%
Saint-Vincent et les Grenadine
25%
Soudan du Sud
25%
Texas
25%
Guadeloupe
23%
Macao
23%
Normandie
23%
Timor Oriental
23%
Åaland
22%
Irlande du Nord
22%
Jersey
22%
Nouvelle-Calédonie
22%
Guyane
20%
Île de Man
20%
Sicile
20%
Bonaire
19%
Île-de-France
19%
Mayotte
19%
Curaçao
17%
Hawaï
17%
Îles Cook
17%
Niue
17%
Anguilla
16%
Bermudes
16%
Île Christmas
16%
Îles Vierges Britanniques
16%
Louisiane
16%
Ohio
16%
Polynésie Française
16%
Samoa Américaines
16%
Wallis-et-Futuna
16%
Alaska
14%
Arizona
14%
Bourgogne-Franche-Comté
14%
Colorado
14%
Îles Malouines
14%
Rhode Island
14%
Saint-Pierre-et-Miquelon
14%
Terres australes et antarctiques françaises
14%
Wyoming
14%
Berlin
13%
Berne
13%
Caroline du Sud
13%
Dakota du Sud
13%
Géorgie
13%
Grand Est
13%
Îles Mariannes du Nord
13%
Îles Turques et Caïques
13%
Maryland
13%
Missouri
13%
Montana
13%
Montserrat
13%
Norfolk
13%
Nouveau-Mexique
13%
Saba
13%
Saint Barthélemy
13%
Saint Hélène
13%
Delaware
11%
Floride
11%
Îles Caïmans
11%
Îles Canaries
11%
Îles Vierges des États-Unis
11%
Indiana
11%
Iowa
11%
Martinique
11%
New Jersey
11%
New York
11%
Nouvelle Écosse
11%
Nunavut
11%
Tennessee
11%
Virginie
11%
Alabama
9%
Auvergne-Rhône-Alpes
9%
Caroline du Nord
9%
Idaho
9%
Îles Pitcairn
9%
Mississippi
9%
New Hampshire
9%
Oklahoma
9%
Oregon
9%
Provence-Alpes-Côte d'Azur
9%
Aragon
8%
Arkansas
8%
Connecticut
8%
Dakota du Nord
8%
Kentucky
8%
Massachusetts
8%
Michigan
8%
Minnesota
8%
Nebraska
8%
Pennsylvanie
8%
Utah
8%
Vermont
8%
Wisconsin
8%
Zoug
8%
Colombie Britanique
6%
Genève
6%
Îles Baléares
6%
Illinois
6%
Kansas
6%
Lombardie
6%
Maine
6%
Nevada
6%
Ontario
6%
Virginie-Occidentale
6%
Zurich
6%
Andalousie
5%
Australie Occidentale
5%
Bâle-Campagne
5%
Bâle-Ville
5%
Centre-Val de Loire
5%
Frioul-Vénétie julienne
5%
Hauts-de-France
5%
Île-du-Prince-Édouard
5%
Jura
5%
Manitoba
5%
Tasmanie
5%
Terre-Neuve-et-Labrador
5%
Vaud
5%
Vénétie
5%
Victoria
5%
Alberta
3%
Appenzell Rhodes-Exterieures
3%
Appenzell Rhodes-Intérieures
3%
Australie Méridionale
3%
Castille-et-Léon
3%
Castille-La Manche
3%
Communauté de Madrid
3%
Galice
3%
Glaris
3%
Lucerne
3%
Navarre
3%
Neufchâtel
3%
Nouveau Brunswick
3%
Saskatchewan
3%
Soleure
3%
Territoire de la Capitale Australienne
3%
Territoire du Nord-Ouest
3%
Trentin-Haut-Adige
3%
Vallée d'Aoste
3%
Argovie
2%
Asturie
2%
Bavière
2%
Brandebourg
2%
Grisons
2%
Leinster
2%
Ligurie
2%
Marche
2%
Nidwald
2%
Nouvelle-Aquitaine
2%
Obwald
2%
Queensland
2%
Rhenanie-Palatinat
2%
Saint-Gall
2%
Saxe-Anhalt
2%
Schaffhouse
2%
Schleswig-Holstein
2%
Schwytz
2%
Territoire du Nord
2%
Territoire du Yukon
2%
Thurgovie
2%
Toscane
2%
Uri
2%
Valais
2%
Abruzzes
0%
Bade-Wurtemberg
0%
Basilicate
0%
Basse-Saxe
0%
Brême
0%
Calabre
0%
Campanie
0%
Cantabrie
0%
Communauté Valencienne
0%
Connacht
0%
Émilie-Romagne
0%
Estrémadure
0%
Hambourg
0%
Hesse
0%
La Rioja
0%
Latium
0%
Loire-Atlantique
0%
Mecklembourg-poméranie-occidentale
0%
Molise
0%
Munster
0%
Nouvelles Galles du Sud
0%
Piémont
0%
Pouilles
0%
Région de Murcie
0%
Rhénanie du Nord-Westphalie
0%
Sarre
0%
Saxe
0%
Tessin
0%
Thuringe
0%
Ulster
0%

Distribution des résultats

Percentile par nombre de réponses

% des personnes avec chaque résultat

Votre développement - résultats

Vous n’avez pas pris ce quiz